00876nam a2200241Ia 450000100060000000300090000600800410001504000130005604000130006904100130008210000190009510000290011424500760014324500540021925000110027326000110028426000180029526000490031330000590036250001530042165000290057465000310060333211IT-RoPAU130308s9999 xx 000 0 und d aIT-RoPAU cIT-RoPAU aITALIANO aD'Amato Marina gCodice Aut. SPICS: 14619 aCaratteristiche formali e interpretative della comunicazione religiosa bInformazione Religiosa nella Stampa Italiana (L') a1a ed. aMILANO bAngeli Franco c1986 [1° Ed.:1986 - Ed.Ling.Originale:1986] a"41 p. (prefazione: no ; testo: 41 [pagine: 124-164])" aEvidenza Periodizzazione posizione ed Estensione collocazione e Contesto titoli foto Disegni vignette Problemi della Comunicazione Tematiche e Cause aSAGGI DI STAMPA DI MASSA eCodice materia Spics: 6661